000 00570nam a22001817a 4500
003 UA-OsUOA
001 7270
007 ta
008 20040608b un ||||| |||| 00| 0 ukr d
100 _aБаранов Віктор
942 _cSA
040 _aUA-OsUOA
_cUA-OsUOA
_dUA-OsUOA
245 _aНесподівані Верлібри : [ Поезія ]
_cВіктор Баранов; С. Соловйов
300 _aС.5
955 _a0
773 0 _w0
_tЛітературна Украіна
_dКиїв
_d2004
_g№21
650 7 _aХудожня література
_2UDC
999 _c293431
_d293431